Cuộc chơi khởi nghiệp : Làm thế nào để một công ty khởi nghiệp tạo dựng, tăng trưởng và thoái vốn thành công vốn đầu tư mạo hiểm? Tập 2

Cuốn sách cho ta khám phá thế giới bí ẩn của 'câu lạc bộ những nhà đầu tư mạo hiểm', dưới con mắt của một người vừa là doanh nhân thành đạt, vừa là một nhà đầu tư mạo hiểm thành công....

ver descrição completa

Na minha lista:
Detalhes bibliográficos
Autor principal: Bussgang, Jeffrey
Outros Autores: Anh Tuấn (dịch)
Formato: Livro
Idioma:Vietnamese
Publicado em: H. Công thương 2017
Assuntos:
Tags: Adicionar Tag
Sem tags, seja o primeiro a adicionar uma tag!
Thư viện lưu trữ: Thư viện Trường Đại học Nam Cần Thơ
LEADER 01392nam a22002177a 4500
001 NCT_45909
008 180712b xxu||||| |||| 00| 0 vie d
999 |c 2198  |d 2198 
020 |a 9786049313257  |c 169000 
082 0 4 |2 23rd ed.  |a 650.1  |b B981 
100 1 |a Bussgang, Jeffrey 
245 1 0 |a Cuộc chơi khởi nghiệp :  |b Làm thế nào để một công ty khởi nghiệp tạo dựng, tăng trưởng và thoái vốn thành công vốn đầu tư mạo hiểm?  |n Tập 2  |c Jeffrey Bussgang ; Anh Tuấn (dịch) 
260 |a H.  |b Công thương  |c 2017 
300 |a 302 tr.  |c 21cm 
520 3 |a Cuốn sách cho ta khám phá thế giới bí ẩn của 'câu lạc bộ những nhà đầu tư mạo hiểm', dưới con mắt của một người vừa là doanh nhân thành đạt, vừa là một nhà đầu tư mạo hiểm thành công. 
653 |a Sách tham khảo 
700 1 |a Anh Tuấn  |e dịch 
942 |2 ddc  |c BK 
952 |0 0  |1 0  |2 ddc  |4 0  |6 650_100000000000000_B981  |7 0  |9 12515  |a 000001  |b 000001  |d 2018-07-12  |o 650.1 B981  |p TK.00483  |r 2018-07-12  |v 169000.00  |w 2018-07-12  |y BK 
952 |0 0  |1 0  |2 ddc  |4 0  |6 650_100000000000000_B981  |7 0  |9 14817  |a 000001  |b 000001  |d 2018-11-05  |o 650.1 B981  |p TK.00482  |r 2018-11-05  |v 169000.00  |w 2018-11-05  |y BK 
980 |a Thư viện Trường Đại học Nam Cần Thơ